Cargando...
Operations management: a supply chain process approach/
| Autor Principal: | |
|---|---|
| Formato: | Printed Book |
| Publicado: |
London:
Sage,
2017.
|
| Subjects: |
| LEADER | 00518nam a22001457a 4500 | ||
|---|---|---|---|
| 020 | |a 9781483383064 | ||
| 082 | |a 658.5 |b WIS | ||
| 100 | |a Wisner, Joel D. | ||
| 245 | |a Operations management: |b a supply chain process approach/ |c Joel D. Wisner. | ||
| 260 | |a London: |b Sage, |c 2017. | ||
| 300 | |a 576 pages. | ||
| 650 | |a Production and operations management | ||
| 942 | |c BK | ||
| 999 | |c 316685 |d 316685 | ||
| 952 | |0 0 |1 0 |4 0 |6 658_500000000000000_WIS |7 0 |9 338697 |a IMK |b IMK |d 2020-12-03 |g 9022.00 |l 0 |o 658.5 WIS |p IMK14933 |r 2020-12-03 |w 2020-12-03 |y BK | ||